000
00190nam a2200073Ia 4500
008
170524s9999 xx 000 0 und d
100
_a
PAREEK- UDAI
245
0
_a
TRAINING INSTRUMENTS IN HRD & OD
260
_b
TATA MCGRAW HILL
999
_c
8121
_d
8121